000 01540namaa22003371i 4500
003 EG-GICUC
005 20251119114917.0
008 251119s1993 ua ||||jr|||| 000 0 ara d
017 _a93 / 7776
_bدار الكتب والوثائق القومية (مصر)
040 _aEG-GiCUC
_bara
_cEG-GiCUC
_dEG-GiCUC
_erda
043 _af-sj---
082 0 4 _221
_a321.809624
_bN138
092 0 4 _221
_a321.809624
_bN138
099 _a321.809624 N138 1993
100 1 _eمؤلف.
111 _aندوة تقييم التجارب الديقراطية فى السودان
_cالقاهرة
_d4-6 يوليو
245 1 2 _aالديمقراطية فى السودان البعد التاريخي والوضع الراهن وآفاق المستقبل :
_bأبحاث ندوة تقييم التجارب الديمقراطية فى السودان /
_cتحرير دكتور حيدر ابراهيم على
264 _aالقاهرة (مصر) :
_bمركز الدراسات السودانية،
_c1993.
300 _a497 صفحة ؛
_c24 سم
336 _2rdacontent
_atext
337 _2rdamedia
_aUnmediated
338 _2rdacarrier
_avolume
504 _aيشتمل على ارجاعات ببليوجرافية.
541 _aد. جابر عصفور ؛
_bالقاهرة ؛
_cإهداء ؛
_d2024.
650 1 _2qrmak
651 1 _2qrmak
_aالسودان
_xالديمقراطية
651 1 _2qrmak
_aالسودان
_xسياسية وحكومة
700 1 _aعلى، حيدر ابراهيم
_eمحرر.
905 _aNermeen
942 _2ddc
_cBK
_e21
_n0
999 _c175998
_d175998